Представление документа в формате RUSMARC

ПолеНазваниеЗначение
  Тип записи a
  Библиографический уровень m
001 Контрольный номер RuMoRGB-007918582
005 Дата корректировки 20180510182246.6
010 Индекс ISBN __
a ISBN 978-5-17-090008-4
d Цена 338-16
021 № государственной регистрации __
b № документа 15-31534
100 Данные общей обработки __
a Данные общей обработки 19150423d20 |||y0rusy0189 ca
101 Язык документа __
a Язык текста rus
102 Страна публикации __
a Страна публикации ru
102 Страна публикации __
a Страна публикации ru
105 Кодированные данные (монография) __
a Кодированные данные (монография) a zzzz000zy
200 Заглавие и сведения об ответственности __
a Заглавие Таблетка от склероза
e Сведения, относящиеся к заглавию тренировка мозга для ржавых чайников
f Первые сведения об ответственности Любовь Левина
210 Выходные данные __
a Место издания Москва
c Издательство АСТ
d Дата издания 2015
215 Физическое описание __
a Объем 191 с.
c Иллюстрации/тип воспроизводства ил.
300 Общие примечания __
a Общие примечания На обл.: Оставайтесь в здравом уме и живите на полную катушку!
320 Библиография __
a Библиография Библиогр.: с. 188
330 Аннотация __
a Аннотация Хотите сохранять ясность ума и оставаться в здравом уме и твердой памяти? Автор на собственном примере доказывает, какой необычной и интересной может быть жизнь на пенсии! В книге вы найдете: - советы, как бороться с бессонницей; - упражнения для тренировки памяти; - описания психологических тренингов; - интерактивные игры для всех возрастов; - стихи и сценарии для исторических реконструкций, …а также море позитивных эмоций и познавательных историй!
333 Примечание о целевом назначении __
a Примечание о целевом назначении 6+
606 Тематические рубрики __
a Основная рубрика Психология
606 Тематические рубрики __
a Основная рубрика Психические процессы
610 Ключевые слова __
a Ключевые слова тренировка мозга в пожилом возрасте
610 Ключевые слова __
a Ключевые слова бессонница
610 Ключевые слова __
a Ключевые слова тренировка памяти
610 Ключевые слова __
a Ключевые слова тренинги психологические
610 Ключевые слова __
a Ключевые слова игры интерактивные
610 Ключевые слова __
a Ключевые слова пенсионеры
610 Ключевые слова __
a Ключевые слова пенсионный возраст
686 Индексы других классификаций __
a Индекс ББК 88.28
700 Автор _1
a Фамилия Левина
b Имя Л. Т.
g Полное личное имя Любовь Тимофеевна
801 Источник записи _0
a Страна ru
b Организация РГБ
c Дата составления 20150423
g Правила каталогизации RCR
801 Источник записи _1
a Страна ru
b Организация РГБ
c Дата составления 20150423
801 Источник записи _2
a Страна ru
b Организация Центральная районная библиотека им. Г. А. Пирожникова
c Дата составления 20150423
852 Данные о местонахождении __
j Шифр хранения 88.28
i Авторский знак Л 36
b Сигла хранения ООЧ; 8; 12; 18; 26
901 Тип документа __
t Тип документа m
902 Роль лиц __
a Создатель БЗ ОКиО/Струналь
990 Данные о заказе (DOS) __
j Количество экземпляров (DOS) 5
h N записи в КСУ для Б/У (DOS) 2017-11